Actualidad Estadística /
Gardado en:
| Autor Corporativo: | |
|---|---|
| Formato: | Libro |
| Idioma: | Spanish |
| Publicado: |
San José, C.R.:
Ministerio de Economía y Comercio. Dirección General de Estadística y Censos
|
| Materias: | |
| Etiquetas: |
Engadir etiqueta
Sen Etiquetas, Sexa o primeiro en etiquetar este rexistro!
|
MARC
| LEADER | 00000nam a22000007a 4500 | ||
|---|---|---|---|
| 003 | cru CIDCACS/IIS | ||
| 005 | 20200403132914.0 | ||
| 007 | ta | ||
| 008 | 200403n cr |||p|r||||||0| ||spa|d | ||
| 999 | |c 43062 |d 43062 | ||
| 040 | |a cru CIDCACS/IIS |c cru CIDCACS/IIS | ||
| 090 | |a REV0007 | ||
| 110 | 1 | |a Costa Rica. |9 9222 |b Ministerio de Economía y Comercio. Dirección General de Estadística y Censos | |
| 245 | 1 | |a Actualidad Estadística / |c Ministerio de Economía y Comercio. Dirección General de Estadística y Censos | |
| 260 | |a San José, C.R.: |b Ministerio de Economía y Comercio. Dirección General de Estadística y Censos | ||
| 500 | |a EXISTENCIAS : 1986 (3) | ||
| 650 | 0 | |9 7475 |a ESTADISTICAS DEMOGRAFICAS | |
| 650 | 4 | |9 9223 |a CENSOS NACIONALES | |
| 651 | 0 | |9 32 |a COSTA RICA | |
| 942 | |2 ddc |c PP | ||
